El sueño de la comunicación: aportes sobre narración y diversidad en el contexto latinoamericano

Gespeichert in:
Bibliographische Detailangaben
1. Verfasser: Alvarado Borgoño, Miguel (VerfasserIn)
Format: Buch
Sprache:Spanisch
Veröffentlicht: Valparaíso Universidad de Playa Ancha 2004
Schlagworte:
Tags: Tag hinzufügen
Keine Tags, Fügen Sie den ersten Tag hinzu!

MARC

LEADER 00000nam a2200000 a 4500
001 UCL8902
003 CL-VaPUC
008 040709e20040000CL |||||||||||||||||spa|d
020 |a 956296017X 
082 0 4 |a 808  |b ALV  |2 21 
100 0 |a Alvarado Borgoño, Miguel  |e author  |9 486825 
245 1 3 |a El sueño de la comunicación: aportes sobre narración y diversidad en el contexto latinoamericano 
300 |a 347 p 
942 |c BK 
945 |d 20040709 00:00:00  |a cmena 
260 |a Valparaíso  |b Universidad de Playa Ancha  |c 2004 
650 0 |a Retórica   |9 266620 
650 7 |a LENGUAJE ESCRITO  |2 CL-VaPUC  |9 454872 
650 0 |a Crítica e interpretación literaria  |9 266284 
650 0 |a Sociolingüística  |9 263716 
650 0 |a Diversidad cultural  |9 473079 
583 |a last modification  |c 20040709 00:00:00  |k Rodrigo Vera 
999 |c 309971  |d 309969 
952 |0 0  |1 0  |4 0  |6 808_000000000000000_ALV_2004  |7 0  |8 A  |9 377873  |a BIBEDU  |b BIBEDU  |d 2019-11-21  |i 4042174  |o 808 ALV 2004  |p 4042174  |r 2019-11-21  |w 2019-11-21  |y BK  |k LIT 
952 |0 0  |1 0  |4 0  |6 808_000000000000000_ALV_2004  |7 0  |8 A  |9 377874  |a BIBHIS  |b BIBHIS  |d 2019-11-21  |i 4055101  |o 808 ALV 2004  |p 4055101  |r 2025-01-20  |w 2019-11-21  |y BK  |k HIS 
952 |0 0  |1 0  |4 0  |6 808_000000000000000_ALV_2004  |7 0  |8 A  |9 377875  |a BIBGIM  |b BIBGIM  |d 2019-11-21  |i 4067967  |o 808 ALV 2004  |p 4067967  |r 2025-01-15  |w 2019-11-21  |y BK  |k SSL 
952 |0 0  |1 0  |4 0  |6 808_000000000000000_ALV_2004  |7 0  |8 A  |9 377876  |a BIBHIS  |b BIBHIS  |d 2019-11-21  |i 4377419  |o 808 ALV 2004  |p 4377419  |r 2025-01-20  |w 2019-11-21  |y BK  |k HIS